000 00241nam a2200109Ia 4500
008 190216s9999||||xx |||||||||||||| ||und||
100 _aDamoderan E V
245 0 _aDhanya Lokam
260 _bNbs Kottayam
650 _aMalayalam
942 _cBK
999 _c25369
_d25369